Normal view
MARC view
Entry Personal Name
001 - CONTROL NUMBER
- control field: 15472
003 - CONTROL NUMBER IDENTIFIER
- control field: BD-RjUL
005 - DATE AND TIME OF LATEST TRANSACTION
- control field: 20250517171511.0
008 - FIXED-LENGTH DATA ELEMENTS
- fixed length control field: 250517|| aca||aabn | a|a d
040 ## - CATALOGING SOURCE
- Original cataloging agency: BD-RjUL
- Transcribing agency: BD-RjUL
100 ## - HEADING--PERSONAL NAME
- Personal name: Fitzgerald, F. Scott
- Fuller form of name: (Francis Scott),
- Dates associated with a name: 1896-1940
- General subdivision: Criticism and interpretation
670 ## - SOURCE DATA FOUND
- Source citation: Work cat.: (BD-RjUL)23202: F. Scott Fitzgerald :, 1963.